Jointly optimal monetary and fiscal policy rules under borrowing constraints

Bibliographic Details
Main Author: Bi, Huixin.
Corporate Authors: International Monetary Fund., ProQuest (Firm)
Other Authors: Kumhof, Michael.
Format: Electronic eBook
Language:English
Published: [Washington, D.C.] : International Monetary Fund, 2009.
Series:IMF working paper ; WP/09/286.
Subjects:
Online Access:Click to View
LEADER 01317nam a2200349Ia 4500
001 EBC1606016
003 MiAaPQ
005 20200520144314.0
006 m o d |
007 cr cn|||||||||
008 100902s2009 dcu sb i000 0 eng d
035 |a (MiAaPQ)EBC1606016 
035 |a (Au-PeEL)EBL1606016 
035 |a (CaPaEBR)ebr10364797 
035 |a (OCoLC)680613471 
040 |a MiAaPQ  |c MiAaPQ  |d MiAaPQ 
050 4 |a HJ192.5  |b .B5 2009 
100 1 |a Bi, Huixin. 
245 1 0 |a Jointly optimal monetary and fiscal policy rules under borrowing constraints  |h [electronic resource] /  |c Huizin Bi and Michael Kumhof. 
260 |a [Washington, D.C.] :  |b International Monetary Fund,  |c 2009. 
300 |a 39 p. 
490 1 |a IMF working paper ;  |v WP/09/286 
504 |a Includes bibliographical references. 
533 |a Electronic reproduction. Ann Arbor, MI : ProQuest, 2015. Available via World Wide Web. Access may be limited to ProQuest affiliated libraries. 
650 0 |a Fiscal policy. 
650 0 |a Economic policy. 
655 4 |a Electronic books. 
700 1 |a Kumhof, Michael. 
710 2 |a International Monetary Fund. 
710 2 |a ProQuest (Firm) 
830 0 |a IMF working paper ;  |v WP/09/286. 
856 4 0 |u https://ebookcentral.proquest.com/lib/matrademy/detail.action?docID=1606016  |z Click to View